01070nam a22001457a 4500008004100000020001800041050001500059245017200074260003400246300002100280500002900301505053900330700002400869700003100893140624b xxu||||| |||| 00| 0 eng d a9781862075887 aHD6072.G55 aGlobal woman:Nannies, maids and sex workers in the new economy. /bNannies, Maids and sex workers in the new economycBarbara Ehrenreich and Arlie Russell Hochschild  aLondon:bGranta books,c2002. aVi, 328p.:c16cm aIncludes bibliographies  aContents : Introduction -- Love and gold -- The Nanny Dilemma -- The Care crisis in the Philippines -- Blow ups and other unhappy endings -- Invisible labors: caring for independent person -- Maid to order -- Just another job? -- Filipina workers in Hong Kong homes: household rules and relations -- America's dirty work: migrant maids and modern - day slavery -- Selling sex for visas: Sex tourism as a stepping- stone to International migration -- Among women: Migrant domestics and their Taiwanese -- Employers Across generations. a Ehrenreich Barbara aHochschild Arlie Russell